000 00292nam a22000977a 4500
008 180226b xxu||||| |||| 00| 0 eng d
100 _aTullberg, Sigurd
245 _aFrimarkssamlaren, Rad Och Anvisningar
260 _aStockholm, Sweden
_bOskar Eklunds,
_c1956
650 _aGeneral | Stamp Collecting
999 _c2645
_d2645